000
00315nam a22001337a 4500
008
170303b xxu||||| |||| 00| 0 eng d
020
_a
9780323030717
041
_a
eng
080
_2
8TH
_a
616.073
100
_a
6
101
_a
SHM
245
_a
RADIOLOGY FOR THE DENTAL PROFESSIONAL
_c
FROMMER, H.H
942
_2
udc
_c
BK
999
_c
6656
_d
6656